000 00667nam a2200217Ia 4500
003 OSt
005 20230429102308.0
008 210423s2017 xx 000 0 und d
020 _a978-1-7812-5954-2
040 _cAL
041 _aeng
082 _a153.83
_223
_bKROD
100 _aKROGERUS (Mikael);Tschappeler (Roman)
_994982
245 _aDecision book: fifty models for strategic thinking Tr by Jenny Piening ill by Philip Earnhart
260 _aGreat Britain
_bProfile Book Ltd
_c2017
300 _a173
_bHB
365 _b299
_cINR
650 _aPsychology
_994983
906 _abook: ; Decision ; fifty ; models ; strategic ; thinking
942 _2ddc
_cBK
999 _c170426
_d170426